Paesi che hanno vinto almeno 100 medaglie ai Giochi Olimpici invernali - Statistics

Statistiche generali
  • Questo quiz è stato fatto 73 volte
  • Il punteggio medio è 12 su 14
Statistiche sulle risposte
Medaglie complessive Medaglie d'Oro Medaglie d'Argento Medaglie di Bronzo Rappresentativa olimpica % Corretto
141 42 43 56 Italia
98%
138 41 42 55 Francia
97%
330 113 122 95 Stati Uniti
97%
266 104 98 64 Germania
95%
120 47 38 35 Russia
94%
405 148 133 124 Norvegia
91%
176 65 51 60 Svezia
91%
225 77 72 76 Canada
89%
175 45 65 65 Finlandia
88%
250 71 88 91 Austria
82%
168 63 47 58 Svizzera
75%
147 53 49 45 Paesi Bassi
68%
194 78 57 59 Unione Sovietica
63%
110 39 36 35 Germania Est
55%
Nessun quiz corrispondente trovato
Distribuzione punteggi
Percentuale di utenti per punteggio
Percentile per numero di risposta
I tuoi punteggi nel tempo
Non hai fatto questo quiz